The Friday Multiple Choice Quiz (General Knowledge) #22 - Statistics

General Stats
  • This quiz has been taken 24 times
  • The average score is 6 of 10
Answer Stats
Question Answer % Correct
In what year did these three events occur: George Michael died, the Olympic Games were held in South America, and the UK voted to leave the EU? 2016
87%
In which country is the city of Almaty? Kazakhstan
87%
Having triumphed in 2025, Rory McIlroy won the Augusta Masters title again in April 2026. Who was the last player to win the Masters in consecutive years? Tiger Woods
83%
On 12th April 2026, who became the new Prime Minister of Hungary? Peter Magyar
78%
Which is the only English county to have two distinct and separate coastlines? Devon
57%
A 'Moscow Mule' cocktail contains vodka, lime juice and what other ingredient? Ginger Beer
57%
Who wrote the 1957 play 'The Entertainer'? John Osborne
57%
Which dog breed is named after a town in Northumberland, England? Bedlington Terrier
52%
In 1980 who had a UK top ten hit with 'Day Trip to Bangor' Fiddler's Dram
39%
In the 2010 film 'The King's Speech', who played King George V? Michael Gambon
22%
No matching quizzes found
Score Distribution
Percent of People with Each Score
Percentile by Number Answered
Your Score History
You have not taken this quiz